000
00317nam a22001337a 4500
008
170529b xxu||||| |||| 00| 0 eng d
020
_a
9780130814272
041
_a
eng
080
_a
624.14
100
_a
27
101
_a
IM
245
_a
RAPID INTERPRETATION OF VENTILATORS WAVEFORMS
_c
WAUGH, J.B
942
_2
udc
_c
BK
999
_c
14731
_d
14731